Alle Nationalspieler von Frankreich seit 2000 - Statistiken

Allgemein
  • Dieses Quiz wurde 63 mal gespielt
  • Das Durchschnittsergebnis liegt bei 70 aus 213
Antwortstatistiken
Frankreich % Korrekt
Kylian Mbappe
98%
Zinedine Zidane
93%
Antoine Griezmann
91%
Ousmane Dembele
91%
Thierry Henry
91%
Benjamin Pavard
86%
Franck Ribery
86%
Hugo Lloris
86%
Corentin Tolisso
84%
Lucas Hernandez
84%
Olivier Giroud
84%
Theo Hernandez
84%
Karim Benzema
81%
Khephren Thuram
79%
Kingsley Coman
79%
Lilian Thuram
79%
Marcus Thuram
79%
N'Golo Kante
79%
Dayot Upamecano
77%
Paul Pogba
74%
Willy Sagnol
74%
Bixente Lizarazu
72%
Adrien Rabiot
70%
David Trezeguet
67%
Steve Mandanda
67%
Fabien Barthez
65%
Michael Olise
65%
Patrice Evra
65%
Raphael Varane
65%
Samuel Umtiti
65%
Aurelien Tchouameni
63%
Desire Doue
60%
Presnel Kimpembe
60%
William Saliba
60%
Blaise Matuidi
56%
Didier Deschamps
56%
Eduardo Camavinga
56%
Florent Malouda
56%
Ibrahima Konate
56%
Benjamin Mendy
53%
Bernard Mendy
53%
Christopher Nkunku
53%
Claude Makelele
53%
Ferland Mendy
53%
Jules Kounde
53%
Nicolas Anelka
53%
Randal Kolo Muani
53%
Laurent Koscielny
51%
Mike Maignan
51%
Dimitri Payet
49%
Patrick Vieira
49%
Alou Diarra
47%
Emmanuel Petit
47%
Florian Thauvin
47%
Lassana Diarra
47%
Laurent Blanc
47%
Moussa Sissoko
47%
Warren Zaire-Emery
47%
William Gallas
47%
Adil Rami
44%
Alexandre Lacazette
44%
Alphonse Areola
44%
Anthony Martial
44%
Eric Abidal
44%
Mathieu Valbuena
44%
Nabil Fekir
44%
Yoann Gourcuff
44%
Andre-Pierre Gignac
42%
Bradley Barcola
42%
Djibril Cisse
42%
Hugo Ekitike
42%
Johan Micoud
42%
Samir Nasri
42%
Steven Nzonzi
42%
Abou Diaby
40%
Bacary Sagna
40%
Clement Lenglet
40%
Hatem Ben Arfa
40%
Layvin Kurzawa
40%
Moussa Diaby
40%
Rayan Cherki
40%
Sylvain Wiltord
40%
Yohan Cabaye
40%
Jeremy Toulalan
37%
Mamadou Sakho
37%
Mathieu Debuchy
37%
Robert Pires
37%
Boubacar Kamara
35%
Gael Clichy
35%
Jonathan Clauss
35%
Lucas Digne
35%
Marcel Desailly
35%
Tanguy Ndombele
35%
Thomas Lemar
35%
Philippe Mexes
33%
Gregory Coupet
30%
Kurt Zouma
30%
Maxime Gonalons
30%
Nordi Mukiele
30%
Wissam Ben Yedder
30%
Brice Samba
28%
Houssem Aouar
28%
Loic Remy
28%
Ludovic Giuly
28%
Mikael Silvestre
28%
Youri Djorkaeff
28%
Alassane Plea
26%
Axel Disasi
26%
Djibril Sidibe
26%
Jeremy Mathieu
26%
Malo Gusto
26%
Matteo Guendouzi
26%
Benoit Badiashile
23%
Castello Lukeba
23%
Jordan Veretout
23%
Kevin Gameiro
23%
Leo Dubois
23%
Manu Kone
23%
Mathieu Flamini
23%
Sidney Govou
23%
Stephane Ruffier
23%
Tiemoue Bakayoko
23%
Wesley Fofana
23%
Yann M'Vila
23%
Youssouf Fofana
23%
Eliaquim Mangala
21%
Geoffrey Kondogbia
21%
Remy Cabella
21%
Rio Mavuba
21%
Zoumana Camara
21%
Aly Cissokho
19%
Bafetimbi Gomis
19%
Benoit Costil
19%
Christophe Dugarry
19%
Josuha Guilavogui
19%
Morgan Schneiderlin
19%
Charles N'Zogbia
16%
Christian Karembeu
16%
Christophe Jallet
16%
Ruben Aguilar
16%
Anthony Reveillere
14%
Clement Grenier
14%
Etienne Capoue
14%
Jean-Alain Boumsong
14%
Jerome Rothen
14%
Jimmy Briand
14%
Jonathan Ikone
14%
Loic Bade
14%
Louis Saha
14%
Marvin Martin
14%
Olivier Kapo
14%
Pierre Kalulu
14%
Sebastien Squillaci
14%
Stephane Guivarch
14%
Cedric Carrasso
12%
Clement Chantome
12%
Frank Leboeuf
12%
Jean-Philippe Mateta
12%
Jeremy Menez
12%
Maghnes Akliouche
12%
Mapou Yanga-Mbiwa
12%
Mickael Landreau
12%
Olivier Dacourt
12%
Sebastien Frey
12%
Benoit Pedretti
9%
Benoit Tremoulinas
9%
Francois Clerc
9%
Guillaume Hoarau
9%
Laurent Robert
9%
Peguy Luyindula
9%
Rod Fanni
9%
Sebastien Corchia
9%
Bernard Lama
7%
Gael Givet
7%
Jean-Clair Todibo
7%
Jonathan Zebina
7%
Julien Escude
7%
Julien Faubert
7%
Lilian Laslandes
7%
Lucas Chevalier
7%
Nicolas Gillet
7%
Ousmane Dabo
7%
Paul-Georges Ntep
7%
Sabri Lamouchi
7%
Steve Savidan
7%
Ulrich Rame
7%
Vikash Dhorasoo
7%
Younes Kaboul
7%
Alain Boghossian
5%
Bruno Cheyrou
5%
Camel Meriem
5%
Eric Carriere
5%
Florent Sinama-Pongolle
5%
Franck Jurietti
5%
Frederic Dehu
5%
Frederic Piquionne
5%
Jeremie Brechet
5%
Lionel Letizi
5%
Martin Djetou
5%
Michael Ciani
5%
Morgan Amalfitano
5%
Pascal Chimbonda
5%
Philippe Christanval
5%
Richard Dutruel
5%
Steve Marlet
5%
Tony Vairelles
5%
Vincent Candela
5%
Daniel Moreira
2%
Marc Planus
2%
Adrien Truffert
0%
Florian Maurice
0%
Frederic Nee
0%
Stephane Porato
0%
Keine übereinstimmenden Quizze gefunden
Verteilung der Resultate
Anzahl Personen mit jedem Resultat
Perzentil nach korrekt beantworteten Fragen
Ihre Resultats-Entwicklung
Sie haben dieses Quiz noch nicht gespielt